00737nam a2200181 a 450000500170000000800410001702000180005805000260007610000150010224501450011726000530026230000170031544000350033252000410036765000120040899900190042095201160043920140412111306.0010502s19uu xx 00 eng d a1-85270-005-X aTR(GS 420.7bS31 1987 aSalt, Jane aLearning to write, 1 :ba practice workbook on the first stages of handwriting /ceducational adviser Jane Salt; illustrated by Simone Abel. aLondon :bThe Parent and Child Programme,c1987. a24p. ; ill. aThe Parent and Child Programme aWorkbook on the handwriting, age 4-5 aWriting c103688d103688 001040aELbELcTRd2001-05-02eLib. Fundl0oTR(GS 420.7 S31 1987pE5725r2014-04-12 00:00:00w2014-04-12yBK